Casper the Friendly Ghost Franchise - Statistics

General Stats
  • This quiz has been taken 12 times
  • The average score is 7 of 80
Answer Stats
Type Year Name Info % Correct
Film 1995 Casper Universal
100%
Video Game 1996 Casper Natsume
100%
Video Game 1996 Casper KSS
100%
Video Game 1996 Casper Interplay
100%
Video Game 1997 Casper Natsume
100%
Video Game 2002 Casper Microïds / Planet Interactive
100%
TV Film 2006 Casper's Scare School NBC
29%
Film 1998 Casper Meets Wendy 20th Century Fox
14%
Video Game 2008 Casper's Scare School Blast! Entertainment
14%
TV Show 2009-2012 Casper's Scare School TF1 / Cartoon Network
14%
Short Film 1948 The Friendly Ghost Paramount
14%
Short Film 1949 A Haunting We Will Go Paramount
0%
Short Film 1957 Boo Bop Paramount
0%
Short Film 1951 Boo Hoo Baby Paramount
0%
Short Film 1955 Boo Kind to Animals Paramount
0%
Short Film 1954 Boo Moon Paramount
0%
Short Film 1954 Boo Ribbon Winner Paramount
0%
Short Film 1954 Boos and Arrows Paramount
0%
Short Film 1953 Boos and Saddles Paramount
0%
Short Film 1951 Boo Scout Paramount
0%
Short Film 1955 Bull Fright Paramount
0%
Short Film 1953 By the Old Mill Scream Paramount
0%
Short Film 1952 Cage Fright Paramount
0%
TV Show 1979 Casper and the Angels NBC
0%
Video Game 2007 Casper and the Ghostly Trio Blast! Entertainment
0%
Film 1997 Casper: A Spirited Beginning 20th Century Fox
0%
Video Game 1998 Casper: A Spirited Beginning Activity Center WayForward Technologies
0%
Video Game 1996 Casper Brainy Book Knowledge Adventure
0%
Short Film 1951 Casper Comes to Clown Paramount
0%
Video Game 2000 Casper: Friends Around the World TDK Mediactive
0%
Short Film 1954 Casper Genie Paramount
0%
Short Film 1959 Casper's Birthday Party Paramount
0%
TV Special 1979 Casper's First Christmas NBC
0%
TV Special 1979 Casper's Halloween Special NBC
0%
Film 2000 Casper's Haunted Christmas Universal
0%
Video Game 2001 Casper: Spirit Dimensions TDK Mediactive
0%
Video Game 2008 Casper's Scare School: Classroom Capers Blast! Entertainment
0%
Video Game 2009 Casper's Scare School: Scary Sports Day Blast! Entertainment
0%
Short Film 1950 Casper's Spree Under the Sea Paramount
0%
Short Film 1951 Casper Takes a Bow-wow Paramount
0%
Video Game 1997 Casper: The Interactive Adventure WizardWorks / Morning Star Multimedia
0%
Short Film 1959 Doing What's Fright Paramount
0%
Short Film 1953 Do or Diet Paramount
0%
Short Film 1959 Down to Mirth Paramount
0%
Short Film 1956 Dutch Treat Paramount
0%
Short Film 1953 Frightday the Thirteenth Paramount
0%
Short Film 1956 Fright from Wrong Paramount
0%
Short Film 1957 Ghost of Honor Paramount
0%
Short Film 1952 Ghost of the Town Paramount
0%
Short Film 1958 Ghost Writers Paramount
0%
Short Film 1958 Good Scream Fun Paramount
0%
Short Film 1956 Ground Hog Play Paramount
0%
Short Film 1958 Heir Restorer Paramount
0%
Short Film 1955 Hide and Shriek Paramount
0%
Short Film 1957 Hooky Spooky Paramount
0%
Short Film 1957 Ice Scream Paramount
0%
Short Film 1955 Keep Your Grin Up Paramount
0%
Short Film 1956 Line of Screammage Paramount
0%
Short Film 1953 Little Boo Peep Paramount
0%
Short Film 1953 North Pal Paramount
0%
Short Film 1959 Not Ghoulty Paramount
0%
Short Film 1950 Once Upon a Rhyme Paramount
0%
Short Film 1957 Peekaboo Paramount
0%
Short Film 1956 Penguin for Your Thoughts Paramount
0%
Short Film 1952 Pig a Boo Paramount
0%
Short Film 1954 Puss 'n Boos Paramount
0%
Short Film 1955 Red, White and Boo Paramount
0%
Short Film 1958 Spook and Span Paramount
0%
Short Film 1957 Spooking About Africa Paramount
0%
Short Film 1955 Spooking with a Brogue Paramount
0%
Short Film 1953 Spook No Evil Paramount
0%
Short Film 1952 Spunky Spunky Paramount
0%
Short Film 1952 The Deep Boo Sea Paramount
0%
TV Show 1963 The New Casper Cartoon Show ABC
0%
Short Film 1948 There's Good Boos To-Night Paramount
0%
TV Show 1996-1998 The Spooktacular New Adventures of Casper Fox Kids
0%
Short Film 1951 To Boo or Not to Boo Paramount
0%
Short Film 1952 True Boo Paramount
0%
Short Film 1958 Which Is Witch Paramount
0%
Short Film 1954 Zero the Hero Paramount
0%
No matching quizzes found
Score Distribution
Percent of People with Each Score
Percentile by Number Answered
Your Score History
You have not taken this quiz